| 000 | 00474cam a22001457a 4500 | ||
|---|---|---|---|
| 008 | 180718b1959 xxu||||| |||| 00| 0 eng d | ||
| 082 | _aR83 D279 | ||
| 245 |
_aNew dimensions in collective bargaining _cedited by Harold W. Davey, Howard S. Kaltenborn and Stanley H. Rutterberg |
||
| 260 |
_aNew York _bHarper _c1959 |
||
| 300 | _a203p. | ||
| 650 | _aCollective bargaining | ||
| 700 | _aRutterberg, Stanley H. | ||
| 700 | _aKaltenborn, Howard S. | ||
| 700 | _aDavey, Harold W. | ||
| 999 |
_c363594 _d363594 |
||